The secret diaries of Miss Anne Lister 1791-1840 /

Kaydedildi:
Detaylı Bibliyografya
Yazar: Lister, Anne
Diğer Yazarlar: Whitbread, Helena
Materyal Türü: Kitap
Dil:İngilizce
Baskı/Yayın Bilgisi: London : Virago, 2010
Etiketler: Etiketle
Etiket eklenmemiş, İlk siz ekleyin!

MARC

LEADER 00000nam a22000007i 4500
001 IT\ICCU\UBO\3842808
003 ItRI
005 20260115232016.0
008 110302s2010 xxk|||||| ||||| |||||c
020 |a 9781844087198 
040 |b ita  |c importazione bologna sebina 
041 7 |a eng  |2 ISO-639-2 
100 1 |a Lister, Anne  |0 IT\ICCU\UBOV\386695 
245 1 4 |a The secret diaries of Miss Anne Lister 1791-1840 /  |c edited by Helena Whitbread. 
260 |a London :  |b Virago,  |c 2010 
300 |a XXV, 422 p. ;  |c 20 cm. 
700 1 |a Whitbread, Helena  |0 IT\ICCU\UBOV\767112 
942 |2 ddc  |c BK  |n 0 
952 |0 0  |1 0  |4 0  |6 L_305_489000000000000_LIS  |7 0  |9 18820  |a BO  |b BO  |d 2026-01-15  |i 14577  |l 0  |o L 305.489 LIS  |p BO14577  |r 2026-01-15 23:20:16  |w 2026-01-15  |x [Sebina 5] [1 v.]  |y BK  |z 1 v. 
999 |c 15982  |d 15982